000 01301cam a2200277 4500
001 ABS64522
008 010921n2001 000 0 eng u
035 _a(Sirsi) u114688
100 _aFrench, J.
245 _aAdjudication in UK and Hong Kong
260 _c2001
490 _aAsian Dispute Resolution
_vSeptember 2001, 42-44(3)
520 _aLooks at the key features of the UK adjudication scheme, including the statutory framework and the enforcement of the adjudicator's award. Suggests the drawbacks to UK-style adjudication, and presents industry perceptions of how well the process is working. Also looks at the use of adjudication and similar procedures in Hong Kong. Briefly considers the prospects for the introduction of the UK model of adjudication in Hong Kong.
590 _aABS
650 _aHONG KONG
650 _aUNITED KINGDOM
650 _aMANAGEMENT-DISPUTE AVOIDANCE, MANAGEMENT AND RESOLUTION-DISPUTE MANAGEMENT AND RESOLUTION-ALTERNATIVE DISPUTE RESOLUTION-ADJUDICATION
650 _aALTERNATIVE DISPUTE RESOLUTION
650 _aCONSTRUCTION INDUSTRY
650 _aHOUSING GRANTS CONSTRUCTION AND REGENERATION ACT 1996
650 _aINTERNATIONAL
650 _aCOMPARISON
690 _aDispute resolution
_96236
700 _aMullee, J.
942 _n0
999 _c68330
_d68330